| 000 | 00917nam a22002897a 4500 | ||
|---|---|---|---|
| 001 | 5112 | ||
| 003 | FISKH | ||
| 005 | 20241106145143.0 | ||
| 008 | 241106b cb ||||| |||| 00| 0 eng d | ||
| 020 | _a9780545767255 | ||
| 040 |
_aFISKH _beng _cFISKH _dFISKH |
||
| 082 | _a398.209 | ||
| 100 | _aCharlesworth, Liza | ||
| 245 |
_aThe three billy goats / _cA Folk & Fairy Tale Reader retold by Liza Charlesworth illustrated by lan Smith |
||
| 250 | _aFirst printing in 2014 | ||
| 260 |
_aNew York : _bScholastic, _c2014. |
||
| 300 |
_a16 pages : _bColor illustrations ; _c23 cm |
||
| 505 | _aN | ||
| 520 | _aGoats like to eat grass. But trolls like to eat goats! What's a goat to do? | ||
| 521 | 8 |
_a560L
_bLexile |
|
| 521 | 8 |
_aN
_bRaz-Plus |
|
| 650 |
_2Fairy tales _aFiction |
||
| 650 |
_2Paperback _aJust Right Reading Set |
||
| 700 |
_aSmith, Ian _dIllustrator |
||
| 942 |
_2ddc _cBK _n0 |
||
| 999 |
_c5112 _d5112 |
||